000 00385nam a22001457a 4500
020 _a9789693514322
040 _cNUST
082 _a910.4
_bABB
100 _aAbbas Barmani, Dr
_980921
245 _aEvrest Kay Dais Main; Safarnama Nepal
260 _aLAHORE
_bSang-E-Meel Publications
_c2003
300 _b240P
650 _2Urdu Literature-Travelogue. Safarnama
942 _2ddc
_cBK
999 _c585792
_d585792